Rand 20 Country Flags - Statistics

General Stats
  • This quiz has been taken 773 times
  • The average score is 17 of 20
Answer Stats
Picture Answer % Correct
Algeria
100%
Andorra
100%
Angola
100%
Barbados
100%
Belize
100%
Botswana
100%
Brazil
100%
Bulgaria
100%
Cambodia
100%
Canada
100%
Chile
100%
China
100%
Croatia
100%
Cyprus
100%
Ecuador
100%
Egypt
100%
Germany
100%
Iceland
100%
Iran
100%
Israel
100%
Japan
100%
Kazakhstan
100%
Liberia
100%
Malaysia
100%
Malta
100%
Mexico
100%
Nepal
100%
North Korea
100%
North Macedonia
100%
Norway
100%
Pakistan
100%
Philippines
100%
Portugal
100%
Romania
100%
Slovakia
100%
Slovenia
100%
South Africa
100%
South Korea
100%
Spain
100%
Switzerland
100%
Tunisia
100%
Turkey
100%
Uganda
100%
United Kingdom
100%
Venezuela
100%
Vietnam
100%
Zambia
100%
Vatican City
95%
Australia
94%
Bhutan
94%
United States
94%
Bahrain
93%
Fiji
93%
Iraq
93%
Ireland
93%
Italy
93%
Laos
93%
Serbia
93%
Sri Lanka
93%
Thailand
93%
Albania
92%
Belgium
92%
Colombia
92%
Finland
92%
Greece
92%
India
92%
Kosovo
92%
Mongolia
92%
Palau
92%
Saudi Arabia
92%
Somalia
92%
Suriname
92%
Tonga
92%
Zimbabwe
92%
Bahamas
91%
Czech Republic
91%
Indonesia
91%
Madagascar
91%
Sweden
91%
Bosnia & Herzegovina
90%
Haiti
90%
Mauritius
90%
Montenegro
90%
Mozambique
90%
Nigeria
90%
Samoa
90%
Turkmenistan
90%
France
89%
Georgia
89%
Guatemala
89%
Hungary
89%
Jamaica
89%
Lebanon
89%
Tanzania
89%
Yemen
89%
Argentina
88%
Costa Rica
88%
Dominica
88%
Eswatini
88%
Latvia
88%
Morocco
88%
Ukraine
88%
Uruguay
88%
Central African Republic
87%
Estonia
87%
Jordan
87%
Luxembourg
87%
Paraguay
87%
Azerbaijan
86%
Belarus
86%
Dominican Republic
86%
Ivory Coast
86%
Papua New Guinea
86%
Qatar
86%
Brunei
85%
Cuba
85%
Gabon
85%
Lesotho
85%
Maldives
85%
Mauritania
85%
Niger
85%
Poland
85%
Russia
85%
Syria
85%
Libya
84%
St. Lucia
84%
Denmark
83%
Marshall Islands
83%
Netherlands
83%
New Zealand
83%
Peru
83%
San Marino
83%
Sao Tome & Principe
83%
Armenia
82%
El Salvador
82%
Mali
82%
Rwanda
82%
Honduras
81%
Moldova
81%
Benin
80%
Chad
80%
Comoros
80%
Ethiopia
80%
Lithuania
80%
Monaco
80%
Panama
80%
Singapore
80%
Tajikistan
80%
Uzbekistan
80%
Antigua and Barbuda
79%
Kuwait
79%
Nicaragua
79%
D.R. Congo
78%
F.S. of Micronesia
78%
Ghana
78%
Kenya
78%
Namibia
78%
Senegal
78%
Burkina Faso
77%
Burundi
77%
Taiwan
77%
Tuvalu
77%
Kiribati
76%
Afghanistan
75%
Austria
75%
Rep. of the Congo
75%
Guinea-Bissau
72%
St. Vincent and the Grenadines
72%
Solomon Islands
71%
South Sudan
71%
Cape Verde
70%
Malawi
70%
Seychelles
70%
Grenada
69%
Guyana
69%
Bangladesh
67%
Bolivia
67%
East Timor
67%
Equatorial Guinea
67%
Liechtenstein
67%
Nauru
67%
St. Kitts & Nevis
67%
Sudan
67%
Trinidad & Tobago
67%
United Arab Emirates
64%
Cameroon
63%
Myanmar
63%
Togo
63%
Eritrea
62%
Oman
60%
Sierra Leone
60%
Vanuatu
60%
Guinea
56%
Kyrgyzstan
55%
Gambia
53%
Djibouti
50%
No matching quizzes found
Score Distribution
Percent of People with Each Score
Percentile by Number Answered
Your Score History
You have not taken this quiz